000 00723nam a2200217 a 4500
005 20241009063708.0
008 991125s1979 ag 000 0 spa u
035 _aUPN01000022926
049 _aCG
050 4 _aP201
_bB3.2 1979
100 1 _aBarrenechea, Ana María
245 1 0 _aEstudios de gramática estructural /
_cAna María Barrenechea, Mabel V. Manacorda de Rosetti.
250 _a5a ed,
260 _aBuenos Aires :
_bPaidós,
_c1979.
300 _a100 p.
440 0 _aBiblioteca del educador contemporáneo.
_pSerie menor :
_v82
650 0 _aGramática comparada y general
_915920
650 4 _aLingüística
_96151
700 1 _aManacorda de Rosetti, Mabel V.,
_d1918-2008
_ecoaut.
_929109
905 _aLibro
999 _c22926
_d22926